1060 1029 1128 1974 1135 1839 1108 1549 1146 1667 1003 1242 1849 1893 1954 1795 1021 1848 1240 1127 1140 1485 1374 1416 1863 1459 1776 1453 1066 1857 1594 1033 1476 1766 1702 1092 1858 1090 1610 1752 1589 1340 1912 1989 1138 1998 1496 1347 1912 1689 1005 1454 1358 1095 1050 1441 1057 1003 1574 1947 1837 1445 1976 1305 1905 1500 1775 1773 1499 1101 1715 1188 1324 1740 1183 1611 1631 1352 1848 1493 1651 1662 1947 1560 1302 1995 1203 1788 1374 1425 1214 1576 1091 1451 1586 1691 1937 1663 1787 BCNSPRNW ULIB Ver.6.0+V

เปลี่ยนเป็นภาษาไทย

Change to English
 แสดงรายละเอียดบรรณานุกรม
  กลับหน้าหลัก

Brief Record : Get Marc (ISO 2709) : E-mail record : QR code < ปิดหน้าต่าง
LEADER : 00000nam 2200000uu 4500
001    13399122499
003     ULIB
008    020711s|||| th a 000 0 tha d
020    9786117123092
090    นว.^bห289ส
100    หงษ์หยก
110    Green mind publishing
245    สิปาดัน...ฉันรักเธอ/^cหงษ์หยก
260    กรุงเทพฯ :^bGreen mind publishing,^cม.ป.ป.
300    376 หน้า
945    ^p249^l0^i19958
999    ^aทศพร เกษรทอง
รายการนี้ยังไม่มีแท็ก
คุณยังไม่ได้ล็อกอิน คุณสามารถมีกิจกรรมร่วมกับเว็บไซต์ได้ แต่ต้องล็อกอินก่อน ::
  ล็อกอิน

รายการสื่อสารสนเทศ

ลำดับที่ ประเภท เลขเรียก/บาร์โค้ด สถานที่ สถานะ
1. นวนิยาย
นวนิยาย
นว. ห289ส  
  Barcode: 19958
ห้องสมุดวิทยาเขตสวรรค์ประชารักษ์
►นวนิยาย
บนชั้น
  ขอยืม

รายการใกล้เคียง
    ผู้แต่ง [หงษ์หยก]

BibComment


ยังไม่เคยถูกคอมเมนท์

คอมเมนท์ทรัพยากรรายการนี้
  คอมเมนท์: สิปาดันฉันรักเธอ ..


 Copyright 2026. Bcnsprnw @Library